Mecánica de solidos /
Contenido: Esfuerzo; Deformación unitaria; Deformación axial de barras: sistemas estáticamente determinados; Deformación axial de barras: sistemas estáticamente indeterminados; Ley de Hooke generalizada: recipientes a presión; Torsión; Estática de vigas; Flexión simétrica de vigas; Flexión asimétric...
Gardado en:
| Autor Principal: | |
|---|---|
| Outros autores: | |
| Formato: | Libro |
| Idioma: | Lingua castelá |
| Publicado: |
México :
Pearson,
2000, c2000
|
| Temas: | |
| Etiquetas: |
Sen Etiquetas, Sexa o primeiro en etiquetar este rexistro!
|
MARC
| LEADER | 00000nam^a2200000^a^4500 | ||
|---|---|---|---|
| 001 | 000168760 | ||
| 005 | 20250521000000.0 | ||
| 009 | 20260310101211.997 | ||
| 020 | |a 970-17-0398-7 | ||
| 037 | |a Acervo ITESO - Biblioteca | ||
| 041 | |a ESP | ||
| 082 | |a 620. 105 |b POP | ||
| 100 | |a Popov, Egor P. |e (autor) | ||
| 245 | 1 | 0 | |a Mecánica de solidos / |c E.P. Popov, T.A. Balam ; tr. por José de la Cera Alonso. |
| 264 | 4 | |a México : |b Pearson, |c 2000, c2000 | |
| 300 | |a XX, 864 p. | ||
| 336 | |a texto |b txt |2 rdacontenido | ||
| 337 | |a sin mediación |b n |2 rdamedio | ||
| 338 | |a volumen |b nc |2 rdasoporte | ||
| 500 | |a Traducción de: Engineering Mechanics of Solids | ||
| 520 | |a Contenido: Esfuerzo; Deformación unitaria; Deformación axial de barras: sistemas estáticamente determinados; Deformación axial de barras: sistemas estáticamente indeterminados; Ley de Hooke generalizada: recipientes a presión; Torsión; Estática de vigas; Flexión simétrica de vigas; Flexión asimétrica de vigas; Esfuerzos cortantes en vigas; Transformaciones de esfuerzos y deformaciones unitarias; Fluencia y criterios de fractura; Análisis del esfuerzo elástico; Deflexiones en vigas por integración directa; Deflexiones en vigas por el método de área-momento; Columnas; Energía y trabajo virtual; Métodos clásicos de energía; Análisis elástico de sistemas; Análisis plástico al límite. | ||
| 590 | |a Traducción de la 2a edición en inglés | ||
| 649 | |a XX | ||
| 650 | |a Vigas | ||
| 650 | |a Columnas y Pilares | ||
| 650 | |a Elementos Estructurales | ||
| 650 | |a Estabilidad Estructural | ||
| 650 | |a Resistencia de Materiales | ||
| 650 | |a Mecánica Aplicada | ||
| 650 | |a Ingeniería Civil | ||
| 700 | |a Balam, Toader A. |e (autor) | ||
| 910 | |a Fondo General | ||
| 920 | |a Impresos - Libros | ||
| 930 | |a Colección General | ||
| 905 | |a 101 | ||
| 901 | |a 0500104869 |b IT1 |c ACC |u 20250521 | ||
| 901 | |a 0500104866 |b IT1 |c ACC |u 20250521 | ||
| 902 | |a https://opac.biblio.iteso.mx/vufind/Record/000168760 | ||